000 00768nam a22002177a 4500
003 OSt
005 20221027165903.0
008 221027b |||||||| |||| 00| 0 eng d
020 _a978-9929-8132-4-2
040 _cBiblioteca Lado V
082 _2700.74
_aR934b
100 _9218
_aRuiz, Alma
_ecuradora
245 _a20 Bienal de Arte Paiz/
_bOrdinario | Extraordinario/
260 _aGuatemala
_bFundacion Paiz para la educación y la cultura
300 _a300p.
_c18x24cm
650 _2Tesauro de Arte & Arquitectura
_aBIENAL
650 _2Tesauro de Arte & Arquitectura
_aARTE CONTEMPORANERO
651 _2Tesauro de Arte & Arquitectura
_aAFRICA
700 _aEspinoza Calle, Mercedes
_edocumentacion
942 _2ddc
_c1
_h700.74
_iR934b
_n0
999 _c2374
_d2374